Statistics for Last Resort - Papa Roach - All Lyrics

Click here to take the quiz!

General Stats

  • This quiz has been taken 14 times
  • The average score is 258 of 334

Answer Stats

Answer% Correct
a
100%
breathing
100%
Cut
100%
cut
100%
I
100%
in
100%
into
100%
is
100%
last
100%
life
100%
my
100%
no
100%
No
100%
pieces
100%
pieces,
100%
resort
100%
This
100%
this
100%
Do
93%
do
93%
Don’t
93%
fuck,
93%
fuck
93%
give
93%
if
93%
If
93%
It
93%
it
93%
to
93%
are
86%
arm
86%
be
86%
bleeding
86%
bleeding?
86%
Chances
86%
Suffocation,
86%
tonight?
86%
and
79%
And
79%
die
79%
fine
79%
I’m
79%
I'm
79%
Losin'
79%
losin'
79%
me
79%
might
79%
mind
79%
of
79%
right
79%
sight
79%
sight,
79%
suicide
79%
that
79%
would
79%
Would
79%
wrong,
79%
you
79%
'Cause
71%
go
71%
nothin'
71%
out
71%
somebody
71%
tell
71%
Wish
71%
alright,
64%
alright
64%
Can’t
64%
can't
64%
care
64%
contemplatin'
64%
cryin',
64%
cryin'
64%
cryin’
64%
even
64%
on
64%
runnin'
64%
too
64%
livin'
57%
living
57%
nothing
57%
took
57%
way
57%
all
50%
lost
50%
Mutilation
50%
Nothing's
50%
Nothing’s
50%
when
50%
where
50%
but
43%
for
43%
I’ve
43%
mother
43%
started
43%
thin
43%
was
43%
another
36%
love
36%
myself,
36%
never
36%
reached
36%
begin?
29%
devils
29%
find
29%
higher
29%
late
29%
level
29%
realized
29%
Searchin'
29%
sin
29%
spread
29%
upon
29%
within
29%
Findin'
21%
questions
21%
chaos
14%
Downward
14%
empty
14%
feeding
14%
Hungry,
14%
spiral,
14%
'Til
14%

Score Distribution

Percentile by Number Answered

Percent of People with Each Score

Your Score History

You have not taken this quiz